00906nam a22002055i 4500001000700000003000900007005001700016008004100033040002000074100003200094245011600126260004400242300003500286490005000321600006600371830005800437852006000495999001900555952012600574160929ES-MaACL20230906212146.0041005s1872 gw |||| | eng d aCAM bspa cCAM1 aOliphant, Margaret.913061110aMemoir of Count de Montalembert, Peer of France... b: a chapter of recent french history / cby Mrs. Oliphant. aLeipzig : bBernhard Tauchnitz, c1872. a2 v. (318 ; 304 p.) ; c16 cm.1 aCollection of british authors ; v1284 ; 128514aMontalembert, Charles Forbes ccomte de (d1810-1870)91300770 aCollection of british authors ; v1284 ; 12859180703 aES-MaACLjG-12672 z-- Enc. hol. z-- Enc. 2 t. en 1 v. c160929d160929 001040708LIBXIXaATENEOMbATENEOMcSPP3d2008-01-17eSSCl0oG-12672p1168536r2023-02-23 00:00:00w2023-02-23yMONANT